Test culture générale- 8 - Statistiques

Statistiques générales
  • Ce quiz a été pris 5 449 fois
  • Le résultat moyen est 6 sur 10
Statistiques - réponses
Questions Réponses % Correct
Quel est le plus petit État au monde? Le Vatican
90%
Quel groupe de musique est composé de deux DJ portant des casques de robots? Daft Punk
89%
Paul Verlaine est un...? Poète
87%
Quelle est le nom de la femelle du cochon? La truie
83%
« L’histoire de toutes les sociétés jusqu’à nos jours est celle de la lutte des classe. » De qui est cette citation? Karl Marx
58%
Quel président succède à Georges Bush père en 1992? Bill Clinton
55%
Quel est l’athlète le plus titré de l’histoire des Jeux Olympiques? Michael Phelps
49%
Comment se nomme l’écuyer de Godefroy de Montmirail dans le film « Les Visiteurs » ? Jacquouille la fripouille
48%
Comment appelle-t-on deux mots qui se prononcent de la même manière ou qui s’écrivent de la même manière tout en ayant un sens différent ? Des homonymes
41%
Dans quel pays la cité antique de Palmyre, dont les ruines ont été pillées et en partie détruites, se situe-t-elle? En Syrie
37%
Aucun quiz correspondant
Distribution des résultats
% des personnes avec chaque résultat
Percentile par nombre de réponses
Votre historique - résultats
Vous n’avez pas pris ce quiz